Представление документа в формате MARC21

Поле Инд. ПП Название Значение
Тип записи a
Библиографический уровень m
001 Контрольный номер RU/LIBMSTU/415803148
005 Дата корректировки 20130319121114.4
008 Кодируемые данные 130319|||||||||ru |||||||||||000|||rus||
020 a ISBN 978-5-4222-0159-4
040 b Код языка каталог. rus
041 a Код языка текста rus
084 a Индекс другой классификации/Индекс ББК 63.3(2Рос-4Мур)+63.5+71
090 a Полочн. индекс 63.3(2Рос-4Мур)
x Авторский знак К 90
245 10 a Заглавие Культурный ландшафт приморских регионов: Европейский Север России
b Продолж. заглавия сб. ст. : [материалы VII Межрегион. молодеж. науч.-практ. семинара]
c Ответственность М-во образования и науки Рос. Федерации [и др. ; отв. ред. Е. Ю. Терещенко]
260 a Место издания Мурманск
b Издательство Изд-во МГГУ
c Дата издания 2012
300 a Объем 200 с.
b Иллюстрации/ тип воспроизводства [4] с. цв. ил.
650 a Основная рубрика Европейский Север-Культура
650 14 a Основная рубрика Европейский Север-Этнология
651 a Географическое наименование Европейский Север России
653 a Ключевые слова История Мурманска; Культурный ландшафт Европейского Севера; Морская культура Европейского Севера; Социокультурное развитие; Этнология
700 a Другие авторы Терещенко Е. Ю.
e Роль лиц ред.
901 t Тип документа m